Every Single #1 on the Alternative Airplay Chart - Statistics

General Stats
  • This quiz has been taken 13 times
  • The average score is 267 of 537
Answer Stats
Week Song "Weeks at Artist % Correct
November 23, 1991 Smells Like Teen Spirit 1 Nirvana
100%
October 16, 1993 Heart-Shaped Box 3 Nirvana
100%
January 22, 1994 All Apologies 2 Nirvana
100%
December 10, 1994 About a Girl 1 Nirvana
100%
October 26, 2002 You Know You're Right 4 Nirvana
100%
October 26, 1991 Give It Away 2 Red Hot Chili Peppers
100%
August 14, 1993 Soul to Squeeze 4 Red Hot Chili Peppers
100%
September 25, 1993 Soul to Squeeze 1 Red Hot Chili Peppers
100%
November 18, 1995 My Friends 4 Red Hot Chili Peppers
100%
June 26, 1999 Scar Tissue 16 Red Hot Chili Peppers
100%
February 19, 2000 Otherside 13 Red Hot Chili Peppers
100%
August 12, 2000 Californication 1 Red Hot Chili Peppers
100%
June 29, 2002 By the Way 14 Red Hot Chili Peppers
100%
March 8, 2003 Can't Stop 3 Red Hot Chili Peppers
100%
April 22, 2006 Dani California 14 Red Hot Chili Peppers
100%
September 23, 2006 Tell Me Baby 4 Red Hot Chili Peppers
100%
January 27, 2007 Snow (Hey Oh) 5 Red Hot Chili Peppers
100%
August 20, 2011 The Adventures of Rain Dance Maggie 4 Red Hot Chili Peppers
100%
August 13, 2016 Dark Necessities 1 Red Hot Chili Peppers
100%
April 2, 2022 Black Summer 4 Red Hot Chili Peppers
100%
October 15, 2022 Tippa My Tongue 1 Red Hot Chili Peppers
100%
May 6, 1989 Fascination Street 7 The Cure
100%
September 29, 1990 Never Enough 2 The Cure
100%
October 20, 1990 Never Enough 1 The Cure
100%
April 11, 1992 High 4 The Cure
100%
June 13, 1992 Friday I'm in Love 4 The Cure
100%
August 27, 2005 Feel Good Inc. 8 Gorillaz
91%
December 30, 1995 Wonderwall 9 Oasis
91%
March 9, 1996 Wonderwall 1 Oasis
91%
April 6, 1996 Champagne Supernova 5 Oasis
91%
July 22, 1995 You Oughta Know 5 Alanis Morissette
82%
October 14, 1995 Hand in My Pocket 1 Alanis Morissette
82%
March 16, 1996 Ironic 3 Alanis Morissette
82%
February 5, 1994 Loser 5 Beck
82%
April 2, 2005 E-Pro 1 Beck
82%
December 16, 2017 Up All Night 7 Beck
82%
August 30, 2008 Viva la Vida 2 Coldplay
82%
December 3, 2011 Paradise 1 Coldplay
82%
February 20, 2016 Adventure of a Lifetime 2 Coldplay
82%
December 21, 2019 Orphans 4 Coldplay
82%
November 6, 1999 Learn to Fly 1 Foo Fighters
82%
November 23, 2002 All My Life 10 Foo Fighters
82%
July 9, 2005 Best of You 7 Foo Fighters
82%
November 26, 2005 DOA 2 Foo Fighters
82%
December 24, 2005 DOA 4 Foo Fighters
82%
September 1, 2007 The Pretender 18 Foo Fighters
82%
March 1, 2008 Long Road to Ruin 7 Foo Fighters
82%
August 2, 2008 Let It Die 4 Foo Fighters
82%
March 26, 2011 Rope 13 Foo Fighters
82%
August 6, 2011 Walk 2 Foo Fighters
82%
September 17, 2011 Walk 6 Foo Fighters
82%
December 6, 2014 Something from Nothing 8 Foo Fighters
82%
May 27, 2023 Rescued 10 Foo Fighters
82%
September 30, 2023 Under You 3 Foo Fighters
82%
October 7, 1995 Name 1 Goo Goo Dolls
82%
October 28, 1995 Name 3 Goo Goo Dolls
82%
July 4, 1998 Iris 5 Goo Goo Dolls
82%
October 31, 1998 Slide 1 Goo Goo Dolls
82%
November 14, 1998 Slide 1 Goo Goo Dolls
82%
June 11, 1994 Longview 1 Green Day
82%
August 20, 1994 Basket Case 5 Green Day
82%
January 7, 1995 When I Come Around 7 Green Day
82%
August 26, 1995 J.A.R. 1 Green Day
82%
September 30, 2000 Minority 5 Green Day
82%
September 25, 2004 American Idiot 6 Green Day
82%
December 11, 2004 Boulevard of Broken Dreams 16 Green Day
82%
May 7, 2005 Holiday 3 Green Day
82%
May 9, 2009 Know Your Enemy 6 Green Day
82%
November 12, 2016 Bang Bang 1 Green Day
82%
February 4, 2017 Still Breathing 5 Green Day
82%
April 18, 2020 Oh Yeah! 1 Green Day
82%
May 4, 2024 Dilemma 8 Green Day
82%
November 9, 2024 That's How I'm Feeling 3 Jack White
82%
December 9, 1989 Love and Anger 3 Kate Bush
82%
November 26, 1988 Orange Crush 8 R.E.M.
82%
January 28, 1989 Stand 2 R.E.M.
82%
March 16, 1991 Losing My Religion 8 R.E.M.
82%
October 17, 1992 Drive 5 R.E.M.
82%
September 24, 1994 What's the Frequency, Kenneth? 5 R.E.M.
82%
December 17, 1994 Bang and Blame 3 R.E.M.
82%
March 31, 1990 Nothing Compares 2 U 1 Sinéad O'Connor
82%
May 12, 1990 The Emperor's New Clothes 1 Sinéad O'Connor
82%
August 5, 1989 Channel Z 3 The B-52's
82%
September 16, 1989 Love Shack 4 The B-52's
82%
July 11, 1992 Good Stuff 4 The B-52's
82%
October 29, 1994 Zombie 6 The Cranberries
82%
May 11, 1996 Salvation 4 The Cranberries
82%
March 2, 1996 1979 1 The Smashing Pumpkins
82%
July 12, 2003 Seven Nation Army 3 The White Stripes
82%
August 4, 2007 Icky Thump 3 The White Stripes
82%
October 22, 1988 Desire 5 U2
82%
November 9, 1991 The Fly 2 U2
82%
November 30, 1991 Mysterious Ways 9 U2
82%
April 4, 1992 One 1 U2
82%
June 24, 1995 Hold Me, Thrill Me, Kiss Me, Kill Me 4 U2
82%
February 1, 1997 Discothèque 4 U2
82%
April 12, 1997 Staring at the Sun 3 U2
82%
November 6, 2004 Vertigo 4 U2
82%
July 2, 2005 Beverly Hills 1 Weezer
82%
January 28, 2006 Perfect Situation 4 Weezer
82%
May 17, 2008 Pork and Beans 11 Weezer
82%
August 11, 2018 Africa 3 Weezer
82%
August 22, 2020 Hero 1 Weezer
82%
July 24, 2021 All My Favorite Songs 4 Weezer
82%
June 18, 2022 A Little Bit of Love 2 Weezer
82%
February 25, 2023 Records 1 Weezer
82%
February 1, 2014 Do I Wanna Know? 10 Arctic Monkeys
73%
August 22, 1998 One Week 1 Barenaked Ladies
73%
September 5, 1998 One Week 4 Barenaked Ladies
73%
December 25, 1999 All the Small Things 8 Blink-182
73%
April 3, 2004 I Miss You 2 Blink-182
73%
July 9, 2016 Bored to Death 5 Blink-182
73%
November 5, 2022 Edging 13 Blink-182
73%
October 21, 2023 One More Time 20 Blink-182
73%
September 23, 1995 Comedown 2 Bush
73%
December 16, 1995 Glycerine 2 Bush
73%
November 16, 1996 Swallowed 7 Bush
73%
October 23, 1999 The Chemicals Between Us 2 Bush
73%
November 13, 1999 The Chemicals Between Us 2 Bush
73%
December 4, 1999 The Chemicals Between Us 1 Bush
73%
October 29, 2011 The Sound of Winter 5 Bush
73%
December 10, 2011 The Sound of Winter 1 Bush
73%
November 1, 1997 Tubthumping 7 Chumbawamba
73%
April 17, 2004 The Reason 1 Hoobastank
73%
December 22, 2001 In the End 5 Linkin Park
73%
April 12, 2003 Somewhere I Belong 5 Linkin Park
73%
August 9, 2003 Faint 6 Linkin Park
73%
November 22, 2003 Numb 12 Linkin Park
73%
May 29, 2004 Lying from You 3 Linkin Park
73%
August 28, 2004 Breaking the Habit 4 Linkin Park
73%
April 21, 2007 What I've Done 15 Linkin Park
73%
June 20, 2009 New Divide 1 Linkin Park
73%
July 4, 2009 New Divide 11 Linkin Park
73%
September 4, 2010 The Catalyst 4 Linkin Park
73%
January 8, 2011 Waiting for the End 3 Linkin Park
73%
February 5, 2011 Waiting for the End 1 Linkin Park
73%
August 4, 2012 Burn It Down 1 Linkin Park
73%
March 25, 2023 Lost 3 Linkin Park
73%
May 6, 2023 Lost 3 Linkin Park
73%
October 5, 2024 The Emptiness Machine 5 Linkin Park
73%
May 31, 2025 Up from the Bottom 2 Linkin Park
73%
July 31, 2004 Float On 1 Modest Mouse
73%
March 28, 2015 Lampshades on Fire 3 Modest Mouse
73%
August 21, 2021 We Are Between 2 Modest Mouse
73%
November 4, 2006 Welcome to the Black Parade 7 My Chemical Romance
73%
September 22, 2001 How You Remind Me 13 Nickelback
73%
September 27, 1997 Walkin' on the Sun 5 Smash Mouth
73%
October 21, 2006 When You Were Young 2 The Killers
73%
April 25, 2020 Caution 2 The Killers
73%
September 3, 2022 Boy 6 The Killers
73%
May 24, 1997 Semi-Charmed Life 5 Third Eye Blind
73%
July 5, 1997 Semi-Charmed Life 3 Third Eye Blind
73%
May 20, 2000 Kryptonite 11 3 Doors Down
64%
August 25, 2001 Smooth Criminal 4 Alien Ant Farm
64%
October 16, 1999 Higher 1 Creed
64%
November 27, 1999 Higher 1 Creed
64%
December 11, 1999 Higher 1 Creed
64%
April 21, 1990 Enjoy the Silence 3 Depeche Mode
64%
June 2, 1990 Policy of Truth 1 Depeche Mode
64%
March 27, 1993 I Feel You 5 Depeche Mode
64%
May 15, 1993 Walking in My Shoes 1 Depeche Mode
64%
March 29, 2003 Bring Me to Life 2 Evanescence
64%
October 10, 1998 Celebrity Skin 3 Hole
64%
November 7, 1998 Celebrity Skin 1 Hole
64%
March 2, 2013 Radioactive 13 Imagine Dragons
64%
April 1, 2017 Believer 7 Imagine Dragons
64%
May 27, 2017 Believer 6 Imagine Dragons
64%
November 4, 2017 Thunder 3 Imagine Dragons
64%
March 17, 2018 Whatever It Takes 2 Imagine Dragons
64%
April 14, 2018 Whatever It Takes 1 Imagine Dragons
64%
September 8, 2018 Natural 9 Imagine Dragons
64%
April 24, 2021 Follow You 1 Imagine Dragons
64%
June 26, 2021 Follow You 4 Imagine Dragons
64%
March 3, 2001 Drive 8 Incubus
64%
February 21, 2004 Megalomaniac 6 Incubus
64%
December 23, 2006 Anna Molly 5 Incubus
64%
February 21, 2009 Love Hurts 1 Incubus
64%
March 14, 2009 Love Hurts 2 Incubus
64%
April 13, 2002 The Middle 4 Jimmy Eat World
64%
December 4, 2004 Pain 1 Jimmy Eat World
64%
December 20, 2008 Sex on Fire 8 Kings of Leon
64%
April 11, 2009 Use Somebody 3 Kings of Leon
64%
September 19, 2009 Notion 1 Kings of Leon
64%
October 16, 2010 Radioactive 3 Kings of Leon
64%
December 3, 2016 Waste a Moment 1 Kings of Leon
64%
December 17, 2016 Waste a Moment 3 Kings of Leon
64%
January 27, 2001 Hanging by a Moment 3 Lifehouse
64%
August 24, 2013 Royals 7 Lorde
64%
September 26, 2009 Uprising 2 Muse
64%
October 17, 2009 Uprising 15 Muse
64%
March 20, 2010 Resistance 3 Muse
64%
April 17, 2010 Resistance 1 Muse
64%
October 13, 2012 Madness 1 Muse
64%
October 27, 2012 Madness 18 Muse
64%
May 23, 2015 Dead Inside 5 Muse
64%
June 9, 2018 Thought Contagion 1 Muse
64%
August 5, 2000 Last Resort 1 Papa Roach
64%
August 19, 2000 Last Resort 6 Papa Roach
64%
April 28, 2001 It's Been Awhile 16 Staind
64%
September 20, 2003 So Far Away 6 Staind
64%
November 15, 2003 So Far Away 1 Staind
64%
September 13, 2008 Believe 3 Staind
64%
October 5, 2002 Aerials 3 System of a Down
64%
January 21, 2006 Hypnotize 1 System of a Down
64%
September 29, 2012 Ho Hey 2 The Lumineers
64%
June 11, 2016 Ophelia 4 The Lumineers
64%
March 11, 2017 Cleopatra 2 The Lumineers
64%
June 22, 2019 Gloria 5 The Lumineers
64%
December 25, 2021 Brightside 4 The Lumineers
64%
March 15, 2025 Same Old Song 2 The Lumineers
64%
July 30, 1994 Come Out and Play 2 The Offspring
64%
February 14, 2004 Hit That 1 The Offspring
64%
October 4, 2008 You're Gonna Go Far, Kid 11 The Offspring
64%
November 21, 2015 Stressed Out 12 Twenty One Pilots
64%
April 9, 2016 Ride 6 Twenty One Pilots
64%
June 4, 2016 Ride 1 Twenty One Pilots
64%
September 10, 2016 Heathens 9 Twenty One Pilots
64%
November 19, 2016 Heathens 2 Twenty One Pilots
64%
July 28, 2018 Jumpsuit 2 Twenty One Pilots
64%
September 1, 2018 Jumpsuit 1 Twenty One Pilots
64%
April 27, 2019 Chlorine 3 Twenty One Pilots
64%
November 2, 2019 The Hype 7 Twenty One Pilots
64%
May 9, 2020 Level of Concern 14 Twenty One Pilots
64%
May 1, 2021 Shy Away 8 Twenty One Pilots
64%
September 4, 2021 Saturday 5 Twenty One Pilots
64%
January 22, 2022 The Outside 3 Twenty One Pilots
64%
February 15, 2025 The Line 3 Twenty One Pilots
64%
August 2, 2025 The Contract 2 Twenty One Pilots
64%
December 20, 2025 City Walls 1 Twenty One Pilots
64%
October 10, 2009 Check My Brain 1 Alice in Chains
55%
May 17, 2003 Like a Stone 2 Audioslave
55%
April 9, 2005 Be Yourself 4 Audioslave
55%
October 26, 2013 Pompeii 4 Bastille
55%
June 19, 2004 Ch-Check It Out 2 Beastie Boys
55%
May 25, 2019 Bury a Friend 2 Billie Eilish
55%
August 10, 2019 Bad Guy 2 Billie Eilish
55%
February 22, 2020 Everything I Wanted 3 Billie Eilish
55%
April 4, 2020 Everything I Wanted 2 Billie Eilish
55%
February 6, 2021 Therefore I Am 1 Billie Eilish
55%
July 6, 1996 Pepper 3 Butthole Surfers
55%
March 6, 2010 Back Against the Wall 2 Cage the Elephant
55%
August 7, 2010 In One Ear 4 Cage the Elephant
55%
February 12, 2011 Shake Me Down 6 Cage the Elephant
55%
November 23, 2013 Come a Little Closer 10 Cage the Elephant
55%
January 31, 2015 Cigarette Daydreams 4 Cage the Elephant
55%
February 13, 2016 Mess Around 1 Cage the Elephant
55%
March 5, 2016 Mess Around 2 Cage the Elephant
55%
September 3, 2016 Trouble 1 Cage the Elephant
55%
March 16, 2019 Ready to Let Go 6 Cage the Elephant
55%
October 19, 2019 Social Cues 2 Cage the Elephant
55%
February 13, 2021 Skin and Bones 4 Cage the Elephant
55%
April 6, 2024 Neon Pill 4 Cage the Elephant
55%
September 14, 2024 Rainbow 2 Cage the Elephant
55%
April 12, 2025 Metaverse 2 Cage the Elephant
55%
June 15, 2013 Safe and Sound 1 Capital Cities
55%
February 17, 2001 Butterfly 2 Crazy Town
55%
September 19, 2015 Ex's & Oh's 3 Elle King
55%
August 25, 2007 Paralyzer 1 Finger Eleven
55%
June 25, 2011 Pumped Up Kicks 2 Foster the People
55%
July 16, 2011 Pumped Up Kicks 3 Foster the People
55%
November 4, 2000 Hemorrhage (In My Hands) 12 Fuel
55%
April 21, 2012 We Are Young 2 Fun
55%
August 11, 2012 Some Nights 2 Fun
55%
September 22, 2012 Some Nights 1 Fun
55%
March 20, 2021 Heat Waves 3 Glass Animals
55%
March 3, 2012 Somebody That I Used to Know 7 Gotye
55%
May 5, 2012 Somebody That I Used to Know 5 Gotye
55%
May 8, 2004 Cold Hard Bitch 3 Jet
55%
April 10, 1999 My Own Worst Enemy 11 Lit
55%
November 10, 2018 Happier 1 Marshmello and Bastille
55%
July 26, 1997 Push 1 Matchbox Twenty
55%
October 9, 2010 Little Lion Man 1 Mumford & Sons
55%
October 20, 2012 I Will Wait 1 Mumford & Sons
55%
April 18, 2015 Believe 3 Mumford & Sons
55%
January 26, 2019 Guiding Light 1 Mumford & Sons
55%
April 26, 2025 Rushmere 2 Mumford & Sons
55%
May 28, 2005 The Hand That Feeds 5 Nine Inch Nails
55%
October 22, 2005 Only 5 Nine Inch Nails
55%
December 10, 2005 Only 2 Nine Inch Nails
55%
March 4, 2006 Every Day Is Exactly the Same 4 Nine Inch Nails
55%
April 14, 2007 Survivalism 1 Nine Inch Nails
55%
June 30, 2018 Say Amen (Saturday Night) 1 Panic! at the Disco
55%
July 21, 2018 Say Amen (Saturday Night) 1 Panic! at the Disco
55%
November 17, 2018 High Hopes 10 Panic! at the Disco
55%
February 2, 2019 High Hopes 6 Panic! at the Disco
55%
July 9, 2022 Viva Las Vengeance 3 Panic! at the Disco
55%
July 8, 2017 Feel It Still 17 Portugal. The Man
55%
November 25, 2017 Feel It Still 3 Portugal. The Man
55%
March 31, 2018 Live in the Moment 2 Portugal. The Man
55%
January 26, 2002 Blurry 9 Puddle of Mudd
55%
April 19, 2008 Psycho 2 Puddle of Mudd
55%
May 30, 1998 Closing Time 5 Semisonic
55%
August 18, 2001 Fat Lip 1 Sum 41
55%
March 9, 2024 Landmines 2 Sum 41
55%
November 30, 2024 Dopamine 1 Sum 41
55%
November 6, 2010 Tighten Up 9 The Black Keys
55%
January 29, 2011 Tighten Up 1 The Black Keys
55%
December 17, 2011 Lonely Boy 11 The Black Keys
55%
June 9, 2012 Gold on the Ceiling 3 The Black Keys
55%
July 7, 2012 Gold on the Ceiling 2 The Black Keys
55%
May 24, 2014 Fever 11 The Black Keys
55%
May 18, 2019 Lo/Hi 1 The Black Keys
55%
May 14, 2022 Wild Child 2 The Black Keys
55%
March 23, 2024 Beautiful People (Stay High) 2 The Black Keys
55%
May 10, 2025 The Night Before 2 The Black Keys
55%
June 1, 2013 Sweater Weather 2 The Neighbourhood
55%
June 22, 2013 Sweater Weather 9 The Neighbourhood
55%
March 8, 1997 One Headlight 5 The Wallflowers
55%
August 23, 2014 Riptide 5 Vance Joy
55%
February 28, 2015 Shut Up and Dance 4 Walk the Moon
55%
January 27, 2018 One Foot 4 Walk the Moon
55%
September 14, 1996 Down 4 311
45%
May 1, 2004 Love Song 1 311
45%
August 5, 2006 Miss Murder 5 AFI
45%
September 18, 1993 No Rain 1 Blind Melon
45%
October 2, 1993 No Rain 2 Blind Melon
45%
March 12, 1994 Mmm Mmm Mmm Mmm 1 Crash Test Dummies
45%
June 29, 1996 Counting Blue Cars 1 Dishwalla
45%
June 29, 2024 Too Sweet 11 Hozier
45%
September 1, 1990 Stop! 1 Jane's Addiction
45%
September 15, 1990 Stop! 1 Jane's Addiction
45%
October 27, 1990 Been Caught Stealing 1 Jane's Addiction
45%
November 24, 1990 Been Caught Stealing 3 Jane's Addiction
45%
August 2, 2003 Just Because 1 Jane's Addiction
45%
December 18, 1999 Re-Arranged 1 Limp Bizkit
45%
October 9, 2021 Beggin' 11 Måneskin
45%
July 30, 2022 Supermodel 5 Måneskin
45%
October 2, 2010 Animal 1 Neon Trees
45%
March 7, 2026 The Great Divide 6 Noah Kahan
45%
January 8, 1994 Daughter 1 Pearl Jam
45%
September 7, 1996 Who You Are 1 Pearl Jam
45%
April 1, 2006 World Wide Suicide 3 Pearl Jam
45%
March 28, 2009 Brother 2 Pearl Jam
45%
February 20, 2010 1901 2 Phoenix
45%
February 8, 2003 No One Knows 4 Queens of the Stone Age
45%
October 26, 1996 What I Got 3 Sublime
45%
September 20, 2025 Ensenada 8 Sublime
45%
August 2, 1997 Fly 8 Sugar Ray
45%
February 20, 1999 Every Morning 1 Sugar Ray
45%
March 6, 1999 Every Morning 5 Sugar Ray
45%
October 14, 1989 Sowing the Seeds of Love 1 Tears for Fears
45%
July 24, 1993 Break It Down Again 3 Tears for Fears
45%
October 21, 1995 Lump 1 The Presidents of the United States of America
45%
May 31, 2003 Headstrong 5 Trapt
45%
July 3, 2004 Slither 4 Velvet Revolver
45%
June 27, 2015 Renegades 11 X Ambassadors
45%
February 24, 2018 No Roots 1 Alice Merton
36%
September 19, 2020 Monsters 17 All Time Low
36%
January 23, 2021 Monsters 1 All Time Low
36%
February 11, 2023 Sleepwalking 2 All Time Low
36%
December 6, 2025 The Weather 2 All Time Low
36%
December 5, 1998 Never There 3 Cake
36%
December 20, 1997 Everything to Everyone 1 Everclear
36%
October 12, 2013 Out of My League 2 Fitz and the Tantrums
36%
May 3, 2014 The Walker 1 Fitz and the Tantrums
36%
March 19, 2016 Mountain at My Gates 1 Foals
36%
January 15, 1994 Found Out About You 1 Gin Blossoms
36%
June 30, 2012 Tongue Tied 1 Grouplove
36%
September 22, 1990 Suicide Blonde 1 INXS
36%
February 9, 1991 Right Here, Right Now 5 Jesus Jones
36%
January 23, 1993 The Devil You Know 6 Jesus Jones
36%
November 21, 1998 Fly Away 2 Lenny Kravitz
36%
May 21, 1994 Selling the Drama 3 Live
36%
February 25, 1995 Lightning Crashes 9 Live
36%
March 1, 1997 Lakini's Juice 1 Live
36%
April 5, 2025 Messy 1 Lola Young
36%
December 27, 1997 Sex and Candy 15 Marcy Playground
36%
January 5, 2008 Fake It 8 Seether
36%
May 3, 2008 Rise Above This 2 Seether
36%
February 14, 2009 Second Chance 1 Shinedown
36%
February 28, 2009 Second Chance 2 Shinedown
36%
September 2, 1995 Tomorrow 3 Silverchair
36%
June 27, 2009 Panic Switch 1 Silversun Pickups
36%
June 14, 2025 Back to Friends 5 Sombr
36%
February 7, 2026 Dracula 2 Tame Impala
36%
August 7, 2004 Just Like You 3 Three Days Grace
36%
September 9, 2006 Animal I Have Become 2 Three Days Grace
36%
March 3, 2007 Pain 4 Three Days Grace
36%
March 3, 2018 Sober Up 2 AJR
27%
August 9, 2014 I Wanna Get Better 1 Bleachers
27%
July 5, 2003 Send the Pain Below 1 Chevelle
27%
September 12, 2015 First 1 Cold War Kids
27%
October 10, 2015 First 6 Cold War Kids
27%
August 13, 1994 Einstein on the Beach (For an Eggman) 1 Counting Crows
27%
August 8, 1998 Inside Out 2 Eve 6
27%
August 29, 1998 Inside Out 1 Eve 6
27%
October 3, 1998 Inside Out 1 Eve 6
27%
December 26, 1998 What It's Like 8 Everlast
27%
February 27, 1999 What It's Like 1 Everlast
27%
March 4, 2023 Love from the Other Side 3 Fall Out Boy
27%
April 15, 2023 Love from the Other Side 3 Fall Out Boy
27%
April 11, 1998 The Way 7 Fastball
27%
April 12, 2014 Come with Me Now 3 Kongos
27%
May 10, 2014 Come with Me Now 2 Kongos
27%
July 21, 2012 Little Talks 2 Of Monsters and Men
27%
February 4, 2023 This Is Why 1 Paramore
27%
March 30, 2002 Youth of the Nation 2 P.O.D.
27%
July 27, 1996 Standing Outside a Broken Phone Booth with Money in My Hand 6 Primitive Radio Gods
27%
March 25, 2017 Human 1 Rag'n'Bone Man
27%
March 28, 2020 Cradles 1 Sub Urban
27%
June 28, 1997 The Impression That I Get 1 The Mighty Mighty Bosstones
27%
July 29, 2006 Steady, As She Goes 1 The Raconteurs
27%
May 3, 1997 The Freshmen 3 The Verve Pipe
27%
June 8, 1996 Mother Mother 3 Tracy Bonham
27%
February 25, 2006 Wasteland 1 10 Years
18%
August 25, 2012 Too Close 4 Alex Clare
18%
February 1, 2025 Can't Slow Down 2 Almost Monday
18%
May 9, 2015 Hollow Moon (Bad Wolf) 2 Awolnation
18%
September 9, 2023 Just Pretend 1 Bad Omens
18%
March 29, 2025 So Cold 1 Balu Brigada
18%
October 29, 2022 Sex, Drugs, Etc. 1 Beach Weather
18%
April 29, 1995 Good 5 Better Than Ezra
18%
July 2, 2022 Toxic 1 BoyWithUke
18%
January 30, 2021 Fire for You 1 Cannons
18%
June 8, 2002 Hero 3 Chad Kroeger
18%
July 14, 1990 Joey 4 Concrete Blonde
18%
May 9, 1992 Teen Angst (What the World Needs Now) 2 Cracker
18%
July 26, 2025 Basic Being Basic 1 Djo
18%
September 21, 2019 3 Nights 1 Dominic Fike
18%
October 12, 1996 Novocaine for the Soul 2 Eels
18%
February 12, 2022 Enemy 7 Imagine Dragons and JID
18%
April 30, 2022 Enemy 2 Imagine Dragons and JID
18%
May 24, 2025 God Needs the Devil 1 Jonah Kagen
18%
August 20, 2016 Way Down We Go 2 Kaleo
18%
September 28, 2019 Doin' Time 3 Lana Del Rey
18%
April 24, 2004 Last Train Home 1 Lostprophets
18%
June 24, 1989 So Alive 5 Love and Rockets
18%
April 21, 2018 Broken 7 Lovelytheband
18%
June 16, 2018 Broken 2 Lovelytheband
18%
March 13, 2021 My Ex's Best Friend 1 Machine Gun Kelly
18%
April 10, 2021 My Ex's Best Friend 2 Machine Gun Kelly
18%
August 24, 2019 Cringe 4 Matt Maeson
18%
August 29, 2020 Hallucinogenics 3 Matt Maeson
18%
December 27, 2025 Downstairs 4 Matt Maeson
18%
September 27, 2014 Stolen Dance 10 Milky Chance
18%
September 28, 2024 Stargazing 1 Myles Smith
18%
July 19, 2025 Nice to Meet You 1 Myles Smith
18%
May 1, 1993 Regret 2 New Order
18%
May 22, 1993 Regret 4 New Order
18%
September 16, 2023 Dial Drunk 2 Noah Kahan and Post Malone
18%
September 26, 1992 Digging in the Dirt 2 Peter Gabriel
18%
December 12, 1992 Steam 5 Peter Gabriel
18%
August 5, 2023 Emergency Contact 1 Pierce the Veil
18%
November 15, 2025 So Far So Fake 3 Pierce the Veil
18%
June 19, 1993 Pets 5 Porno for Pyros
18%
February 1, 2003 Always 1 Saliva
18%
June 8, 2019 Trampoline 2 Shaed
18%
September 10, 1988 Peek-a-Boo 1 Siouxsie and the Banshees
18%
September 24, 1988 Peek-a-Boo 1 Siouxsie and the Banshees
18%
July 6, 1991 Kiss Them for Me 5 Siouxsie and the Banshees
18%
April 24, 2010 Between the Lines 3 Stone Temple Pilots
18%
November 6, 1993 Into Your Arms 9 The Lemonheads
18%
March 11, 1989 I'll Be You 1 The Replacements
18%
October 13, 1990 Merry Go Round 1 The Replacements
18%
November 3, 1990 Merry Go Round 3 The Replacements
18%
May 21, 2016 Spirits 2 The Strumbellas
18%
May 26, 1990 Here's Where the Story Ends 1 The Sundays
18%
March 31, 2007 From Yesterday 2 Thirty Seconds to Mars
18%
January 30, 2010 Kings and Queens 3 Thirty Seconds to Mars
18%
July 31, 2010 This Is War 1 Thirty Seconds to Mars
18%
August 16, 2025 Never Enough 2 Turnstile
18%
April 1, 1989 Mayor of Simpleton 5 XTC
18%
May 30, 1992 The Ballad of Peter Pumpkinhead 2 XTC
18%
November 21, 1992 These Are Days 2 10,000 Maniacs
9%
May 2, 2009 Feel Good Drag 1 Anberlin
9%
March 6, 1993 Feed the Tree 3 Belly
9%
August 16, 2014 Dangerous 1 Big Data
9%
October 21, 1989 Pictures of Matchstick Men 3 Camper Van Beethoven
9%
December 7, 2024 Sad in Carolina 8 Dexter and the Moonrocks
9%
April 18, 2026 Doubletake 1 Edgehill
9%
March 18, 1989 Veronica 2 Elvis Costello
9%
May 25, 1991 The Other Side of Summer 4 Elvis Costello
9%
August 8, 1992 Midlife Crisis 1 Faith No More
9%
January 4, 1997 #1 Crush 4 Garbage
9%
January 19, 1991 Kinky Afro 1 Happy Mondays
9%
January 21, 1989 Charlotte Anne 1 Julian Cope
9%
March 8, 2025 Neverender 1 Justice
9%
February 1, 2020 Running Up That Hill 2 Meg Myers
9%
August 15, 1992 Tomorrow 6 Morrissey
9%
April 2, 1994 The More You Ignore Me, the Closer I Get 7 Morrissey
9%
December 5, 1992 Somebody to Shove 1 Soul Asylum
9%
June 3, 1995 Misery 3 Soul Asylum
9%
February 1, 1992 Sax and Violins 1 Talking Heads
9%
September 11, 1993 My Sister 1 The Juliana Hatfield Three
9%
October 1, 1988 All That Money Wants 3 The Psychedelic Furs
9%
January 20, 1990 House 3 The Psychedelic Furs
9%
September 7, 1991 Until She Comes 2 The Psychedelic Furs
9%
May 20, 2017 Wish I Knew You 1 The Revivalists
9%
June 18, 1994 Fall Down 6 Toad the Wet Sprocket
9%
March 19, 1994 God 2 Tori Amos
9%
July 7, 2018 I Feel Like I'm Drowning 2 Two Feet
9%
June 9, 1990 Way Down Now 5 World Party
9%
August 30, 2025 Better Days 3 Yellowcard
9%
February 21, 2026 Zombie 2 Yungblud
9%
January 18, 2020 Dissolve 2 Absofacto
0%
November 1, 2003 Weak and Powerless 2 A Perfect Circle
0%
September 17, 1988 Just Play Music! 1 Big Audio Dynamite
0%
August 10, 1991 Rush 4 Big Audio Dynamite II
0%
May 28, 2022 Love Brand New 3 Bob Moses
0%
April 10, 2010 Mountain Man 1 Crash Kings
0%
August 18, 1990 I'll Be Your Chauffeur 1 David J
0%
July 9, 2011 You Are a Tourist 1 Death Cab for Cutie
0%
October 22, 2022 Here to Forever 1 Death Cab for Cutie
0%
August 12, 2023 Rescue Me 4 Dirty Heads
0%
June 22, 1991 Get the Message 2 Electronic
0%
August 11, 1990 Jealous 1 Gene Loves Jezebel
0%
August 25, 1990 Jealous 1 Gene Loves Jezebel
0%
August 26, 1989 Come Anytime 3 Hoodoo Gurus
0%
November 11, 1989 Proud to Fall 4 Ian McCulloch
0%
January 16, 2021 Leave Me Alone 1 I Dont Know How but They Found Me
0%
January 7, 2017 Take It All Back 4 Judah & the Lion
0%
February 11, 1989 Dirty Blvd. 4 Lou Reed
0%
February 8, 1992 What's Good 3 Lou Reed
0%
April 7, 1990 Blue Sky Mine 1 Midnight Oil
0%
May 19, 1990 Forgotten Years 1 Midnight Oil
0%
January 16, 1993 Not Sleeping Around 1 Ned's Atomic Dustbin
0%
March 26, 2016 Trip Switch 2 Nothing but Thieves
0%
February 10, 1990 Cuts You Up 7 Peter Murphy
0%
July 29, 1989 Disappointed 1 Public Image Ltd
0%
September 21, 1991 So You Think You're in Love 5 Robyn Hitchcock and the Egyptians
0%
May 11, 1991 See the Lights 2 Simple Minds
0%
January 26, 1991 All This Time 2 Sting
0%
October 10, 1992 Blood Makes Noise 1 Suzanne Vega
0%
May 23, 1992 Weirdo 1 The Charlatans
0%
April 14, 1990 Metropolis 1 The Church
0%
May 15, 2010 Lay Me Down 11 The Dirty Heads
0%
December 10, 2016 All We Ever Knew 1 The Head and the Heart
0%
July 27, 2019 Missed Connection 2 The Head and the Heart
0%
August 15, 2020 Honeybee 1 The Head and the Heart
0%
December 30, 1989 Blues from a Gun 3 The Jesus and Mary Chain
0%
January 24, 2026 Get the Message 2 The Paradox
0%
September 8, 1990 Every Beat of the Heart 1 The Railway Children
0%
December 15, 1990 More 5 The Sisters of Mercy
0%
February 29, 1992 Hit 5 The Sugarcubes
0%
March 14, 2020 Novocaine 2 The Unlikely Candidates
0%
May 11, 2002 Seein' Red 4 Unwritten Law
0%
February 15, 2020 Might Be Right 1 White Reaper
0%
No matching quizzes found
Score Distribution
Percent of People with Each Score
Percentile by Number Answered
Your Score History
You have not taken this quiz